The subtle knife (Record no. 12590)
[ view plain ]
| 000 -LEADER | |
|---|---|
| fixed length control field | 00222 a2200097 4500 |
| 245 ## - TITLE STATEMENT | |
| Title | The subtle knife |
| Medium | Text |
| 020 ## - INTERNATIONAL STANDARD BOOK NUMBER | |
| International Standard Book Number | 9780440238140 |
| 100 ## - MAIN ENTRY--PERSONAL NAME | |
| Personal name | Phillip Pullman |
| 260 ## - PUBLICATION, DISTRIBUTION, ETC. | |
| Place of publication, distribution, etc. | New York |
| Name of publisher, distributor, etc. | laurel lea |
| Date of publication, distribution, etc. | 1997 |
| 084 ## - | |
| -- | NONE |
No items available.